A Field Guide to Digital Transformation/ (Record no. 212191)
[ view plain ]
| 000 -LEADER | |
|---|---|
| fixed length control field | 00659nam a22002057a 4500 |
| 005 - DATE AND TIME OF LATEST TRANSACTION | |
| control field | 20250707152351.0 |
| 010 ## - LCCN (DPL NO) | |
| LC control number | ENG-145741 |
| 020 ## - INTERNATIONAL STANDARD BOOK NUMBER | |
| Terms of availability | 350.00 |
| International Standard Book Number | 9789361598166 |
| 035 ## - SYSTEM CONTROL NUMBER | |
| System control number | EN-129273 |
| 037 ## - SOURCE OF ACQUISITION | |
| Source of stock number/acquisition | DBAD |
| 082 ## - DEWEY DECIMAL CLASSIFICATION NUMBER | |
| Classification number | 302.23 |
| Edition number | 1 |
| 100 ## - MAIN ENTRY--PERSONAL NAME | |
| Personal name | Erl, Thomas |
| 245 ## - TITLE STATEMENT | |
| Title | A Field Guide to Digital Transformation/ |
| Statement of responsibility, etc | Thomas Erl [and] Roger Stoffers |
| 250 ## - EDITION STATEMENT | |
| Edition statement | 1 |
| 260 ## - PUBLICATION, DISTRIBUTION, ETC. (IMPRINT) | |
| Place of publication, distribution, etc | Noida |
| Name of publisher, distributor, etc | Pearson India Education |
| Date of publication, distribution, etc | 2025 |
| 270 ## - ADDRESS | |
| Address | 15th Floor, Towe-B, World Trade Tower, Plot No.1, Block-C, Sector-16 |
| City | Noida |
| Postal code | 201301 |
| 300 ## - PHYSICAL DESCRIPTION | |
| Extent | 250p. |
| Dimensions | 23cm(pb) |
| 700 ## - ADDED ENTRY--PERSONAL NAME | |
| Personal name | Stoffers, Roger |
| Relator term | Author |
| 9 (RLIN) | 82696 |
| 942 ## - ADDED ENTRY ELEMENTS (KOHA) | |
| Source of classification or shelving scheme | Dewey Decimal Classification |
| Item type | English Books |
| Classification part | 302.23 |
| Call number suffix | ERL |
| Withdrawn status | Lost status | Not for loan | Collection code | Home library | Current library | Date acquired | Source of acquisition | Cost, normal purchase price | Full call number | Barcode | Copy number | Cost, replacement price | Koha item type |
|---|---|---|---|---|---|---|---|---|---|---|---|---|---|
| Non-fiction | Central Library | Central Library | 07/07/2025 | Delivery of Books Act Division | 350.00 | 302.23 ERL | EN-129273 | 1 | 350.00 | English Books |
